| 000 | 00533nam a2200181Ia 4500 | ||
|---|---|---|---|
| 003 | SGT | ||
| 020 | _a9780070435551 | ||
| 082 |
_a658.562 _bGRA |
||
| 100 | _aGrant, Eugene L. | ||
| 245 | _aStatistical quality control | ||
| 250 | _a7th Ed. | ||
| 260 |
_bTata McGraw Hill Education Private Limited _aNew Delhi _c2012 |
||
| 300 | _a764p. | ||
| 650 | _aMECHANICAL ENGINEERING | ||
| 653 | _aINTRODUCTION, STATISTICAL PROCESS CONTROL, SCIENTIFIC SAMPLING, SOME RELATED TOPICS, | ||
| 700 | _aLeavenworth, Richard S. | ||
| 942 |
_2ddc _cBK |
||
| 999 |
_c5429 _d5429 |
||